Khái niệm tội phạm trong bộ luật Hình sự /
Bewaard in:
| Hoofdauteur: | |
|---|---|
| Andere auteurs: | |
| Formaat: | Artikel |
| Taal: | Vietnamese |
| Onderwerpen: | |
| Tags: |
Voeg label toe
Geen labels, Wees de eerste die dit record labelt!
|
| Thư viện lưu trữ: | Thư viện Trường Đại học Đà Lạt |
|---|
| LEADER | 00823nam a2200277 4500 | ||
|---|---|---|---|
| 001 | DLU180188549 | ||
| 005 | ##20181113 | ||
| 040 | # | # | |a DLU |b vie |
| 041 | # | # | |a vie |
| 044 | # | # | |a vn |
| 100 | # | # | |a Đinh Hoàng Quang. |
| 245 | # | # | |a Khái niệm tội phạm trong bộ luật Hình sự / |c Đinh Hoàng Quang, Phạm Việt Nghĩa. |
| 653 | # | # | |a Bộ luật Hình sự |
| 653 | # | # | |a Luật Hình sự |
| 653 | # | # | |a Tội phạm |
| 700 | # | # | |a Phạm Việt Nghĩa. |
| 773 | # | # | |t Nhà nước và pháp luật |g Số 2(322), 2015, tr. 56-64 |
| 920 | # | # | |a Phòng Tạp chí -- Trung tâm Thông tin - Thư viện Trường Đại học Đà Lạt |
| 994 | # | # | |a DLU |
| 900 | # | # | |a True |
| 911 | # | # | |a Hoàng Thị Huyền |
| 925 | # | # | |a G |
| 926 | # | # | |a A |
| 927 | # | # | |a BB |
| 980 | # | # | |a Thư viện Trường Đại học Đà Lạt |